000 00586nam a2200253Ia 4500
005 20260306154926.0
008 008 260114s9999 xx 000 0 eng d
020 _a9780511554728
037 _aEBOOK
040 _aCRL
040 _beng
040 _cCRL
041 _2eng
041 _aeng
084 _qCRL
100 _aMichalson, Jr
_91128364
245 0 _aFallen Freedom
260 _bCambridge University Press
260 _c2009
650 _a Philosophy
856 _uhttps://doi.org/10.1017/CBO9780511554728
942 _cEBOOK
999 _c1709605
_d1709605